Oraisons funebres prononcées par le Pere de La Ruë, de la Compagnie de Jesus

Detalles Bibliográficos
Autor principal: La Ruë, Charles de, S. J., 1643-1725
Formato: Libro
Lenguaje:French
Publicado: a Paris : chez Pierre Gissey, ruë de la vieille Bouclerie, à l'arbre de Jeffé; Marc Bordelet, ruë Saint Jacques, à Sain- Ignace, 1740.
Materias:
Colección:Banco de datos
Acervo:Seminario Conciliar de Nuestra Señora de Guadalupe Querétaro. Qro.. Biblioteca Florencio Rosas. Fondo Reservado
Descripción Física:[2] h., 358 p. ; 8°
Tema general:Homilética
Notas:Portada tipográfica con viñeta central y pleca en grabado xilográfico. Texto a renglón seguido con paginación en números arábigos, cornisas, titulillos y signaturas. Incluye cabeceras de título historiadas y con motivos florales y viñeta final con motivos florales en grabado xilográfico. Encuadernación en piel sobre cartón. Sello en tinta de José Joaquín del Toro. Daños de humedad y polilla
LEADER 01160nam a22001810004500
035 |a 918 
041 0 |a fre 
100 1 |a La Ruë, Charles de, S. J., 1643-1725 
245 1 0 |a Oraisons funebres prononcées par le Pere de La Ruë, de la Compagnie de Jesus 
260 |a a Paris : chez Pierre Gissey, ruë de la vieille Bouclerie, à l'arbre de Jeffé; Marc Bordelet, ruë Saint Jacques, à Sain- Ignace, 1740.  
300 |a [2] h., 358 p. ; 8°  
500 |a Portada tipográfica con viñeta central y pleca en grabado xilográfico. Texto a renglón seguido con paginación en números arábigos, cornisas, titulillos y signaturas. Incluye cabeceras de título historiadas y con motivos florales y viñeta final con motivos florales en grabado xilográfico. Encuadernación en piel sobre cartón. Sello en tinta de José Joaquín del Toro. Daños de humedad y polilla 
504 |a Al principio de la obra está el índice de contenido  
650 1 0 |a Homilética 
949 |a Fondo Reservado: 1326 
942 |c QUER-RES 
943 |g Seminario Conciliar de Nuestra Señora de Guadalupe Querétaro. Qro.. Biblioteca Florencio Rosas. Fondo Reservado 
999 |c 1108582  |d 1108582